| 000 | 01242nac a22003371i 4500 | ||
|---|---|---|---|
| 003 | EG-ScBUE | ||
| 005 | 20260330095111.0 | ||
| 008 | 260314s2005 ua a f bd 001 0 eng d | ||
| 020 | _a9774246179 | ||
| 040 |
_aEG-ScBUE _beng _erda _cEG-ScBUE _dEG-ScBUE |
||
| 043 |
_af-ua--- _aaw----- |
||
| 082 | 0 | 4 |
_a598.0956 _bPOR _222 |
| 100 | 1 |
_aPorter, R. F. _q(Richard F.), _eauthor. |
|
| 245 | 1 | 2 |
_aA photographic guide to birds of Egypt and the Middle East / _cRichard Porter, and David Cottridge. |
| 250 | _aSecond printing. | ||
| 264 | 1 |
_aCairo : _bThe American University in Cairo Press, _c2005. |
|
| 300 |
_a144 pages : _bcolor illustrations ; _c19 cm |
||
| 336 |
_2rdacontent _atext _btxt |
||
| 337 |
_aunmediated _2rdamedia _bn |
||
| 338 |
_avolume _bnc _2rdacarrier |
||
| 500 | _aSpine title: Birds of Egypt and the Middle East. | ||
| 500 | _aIncludes glossary. | ||
| 504 | _aIncludes bibliographical references and index. | ||
| 650 | 7 |
_aBirds _zMiddle East _vPictorial works. _2BUEsh |
|
| 650 | 7 |
_aBirds _xIdentification _zMiddle East. _2BUEsh |
|
| 650 | 7 |
_aBirds _zEgypt _vPictorial works. _2BUEsh |
|
| 650 | 7 |
_aBirds _xIdentification _zEgypt. _2BUEsh |
|
| 655 | _vReading book | ||
| 700 | 1 |
_aCottridge, David, _eauthor. |
|
| 942 |
_cBB _2ddc |
||
| 999 |
_c2577 _d2577 |
||